| 000 | 00347nam a22001337a 4500 | ||
|---|---|---|---|
| 003 | ASAB | ||
| 005 | 20180827062642.0 | ||
| 008 | 160620t xxu||||| |||| 00| 0 eng d | ||
| 020 | _a978-969-562-389-3 | ||
| 040 | _cASAB | ||
| 245 |
_aThe Indus Water Treaty, 1960 _btext and analysis _cDr. Nadeem Shafiq Malik |
||
| 300 | 3 | _a340 P. | |
| 942 |
_2ddc _cBK |
||
| 999 |
_c480134 _d480134 |
||